000 00661nam a2200253Ia 4500
003 OSt
005 20220918203423.0
006 a|||||r|||| 00| 0
007 ta
008 220917b |||||||| |||| 00| 0 eng d
024 _a108,170
037 _cTextual
040 _aARTS
_cARTS
_beng
041 _2eng
_aeng
082 _aV4311:1:J5, F7
100 _aMajumdar R C
245 0 _aAcient Indian colonies in the far East
260 _aNA
_bNA
_c1927
300 _aV1
_ccm.
490 _aPunjab oriental (Sanskrit) series; 16
650 _aHISTORY
942 _hV4311:1:J5, F7
_cTEXL
_2CC
999 _c231524
_d231524